| 000 | 00289nam a22000857a 4500 | ||
|---|---|---|---|
| 999 |
_c23614 _d23614 |
||
| 003 | Nust | ||
| 005 | 20170517133336.0 | ||
| 008 | 131219b xxu||||| |||| 00| 0 eng d | ||
| 020 | _cAvailable | ||
| 040 |
_aDLC _bDLC _cRCMS |
||
| 082 | _a301 INK | ||
| 100 |
_a alex,Inkeles _9546 |
||
| 245 |
_aWhat is Sociology?: _bAn introduction to the Discipline and Profession |
||
| 260 |
_aIslamabad _bNational Book Foundation _cc2000 |
||
| 300 |
_a120,p: _bill: _c24,cm. |
||
| 538 | _iShelf # 13, Row # 1, Fiction. | ||
| 650 |
_aSociology _9367 |
||
| 856 | _3Table of Content Only | ||
| 942 |
_2ddc _cFIC |
||